Normal view
MARC view
Entry Topical Term
001 - CONTROL NUMBER
- control field: 25352
003 - CONTROL NUMBER IDENTIFIER
- control field: OSt
005 - DATE AND TIME OF LATEST TRANSACTION
- control field: 20180103192200.0
008 - FIXED-LENGTH DATA ELEMENTS
- fixed length control field: 180103|| aca||babn | a|a d
040 ## - CATALOGING SOURCE
- Original cataloging agency: OSt
150 ## - HEADING--TOPICAL TERM
- Chronological subdivision: 2004
- Geographic subdivision: Philippines
